LEADER 01812nam0 2200349 i 450 001 VAN0049259 005 20240209085523.934 010 $a08-987139-6-X 010 $a978-08-987139-6-1 100 $a20060807d1997 |0itac50 ba 101 $aeng 102 $aUS 105 $a|||| ||||| 200 1 $aIterative methods for solving linear systems$fAnne Greenbaum 210 $aPhiladelphia$cSIAM$d1997 215 $aXV, 220 p.$cill.$d26 cm 410 1$1001VAN0036930$12001 $aFrontiers in applied mathematics$1210 $aPhiladelphia$cSIAM$v17 606 $a65-XX$xNumerical analysis [MSC 2020]$3VANC019772$2MF 606 $a65F10$xIterative numerical methods for linear systems [MSC 2020]$3VANC022160$2MF 606 $a65N55$xMultigrid methods; domain decomposition for boundary value problems involving PDEs [MSC 2020]$3VANC023063$2MF 606 $a65G50$xRoundoff error [MSC 2020]$3VANC023148$2MF 606 $a65F35$xNumerical computation of matrix norms, conditioning, scaling [MSC 2020]$3VANC023687$2MF 620 $dPhiladelphia$3VANL000037 700 1$aGreenbaum$bAnne$3VANV038947$0314636 712 $aSIAM $3VANV108794$4650 801 $aIT$bSOL$c20240531$gRICA 856 4 $uhttps://books.google.it/books?id=QpVpvE4gWZwC&printsec=frontcover&dq=Iterative+methods+for+solving+linear+systems&hl=it&sa=X&redir_esc=y#v=onepage&q&f=false$zPreview 912 $aVAN0049259 950 $aBIBLIOTECA DEL DIPARTIMENTO DI MATEMATICA E FISICA$d08PREST 65-XX 1701 $e08 4675 I b 20060807 950 $aBIBLIOTECA DEL DIPARTIMENTO DI MATEMATICA E FISICA$d08PREST 65-XX 1701 $e08 4551 I a 20060907 996 $aIterative methods for solving linear systems$9805311 997 $aUNICAMPANIA LEADER 01937nam0 22004333i 450 001 VAN0279568 005 20240710114749.462 017 70$2N$a9783031288630 100 $a20240710d2023 |0itac50 ba 101 $aeng 102 $aCH 105 $a|||| ||||| 200 1 $aOptimization and Decision Science: Operations Research, Inclusion and Equity$eODS, Florence, Italy, August 30?September 2, 2022$fPaola Cappanera ... [et al.] editors 210 $aCham$cSpringer$d2023 215 $axiv, 366 p.$cill.$d24 cm 410 1$1001VAN0124891$12001 $aAIRO Springer Series$1210 $aCham$cSpringer$d2018-$v9 610 $aContinuous Optimization$9KW:K 610 $aDecision making$9KW:K 610 $aHealthcare applications and service delivery$9KW:K 610 $aLogistics$9KW:K 610 $aMachine learning$9KW:K 610 $aMultiobjective optimization$9KW:K 610 $aNetwork and Combinatorial Optimization$9KW:K 610 $aNon-linear optimization$9KW:K 610 $aProblem Solving$9KW:K 610 $aTelecommunications$9KW:K 610 $aTransportation$9KW:K 620 $aCH$dCham$3VANL001889 702 1$aCappanera$bPaola$3VANV095778 712 12$aInternational Conference on Optimization and Decision Science$f2022$eFirenze$3VANV232084 712 $aSpringer $3VANV108073$4650 801 $aIT$bSOL$c20240719$gRICA 856 4 $uhttps://doi.org/10.1007/978-3-031-28863-0$zE-book ? Accesso al full-text attraverso riconoscimento IP di Ateneo, proxy e/o Shibboleth 899 $aBIBLIOTECA DEL DIPARTIMENTO DI MATEMATICA E FISICA$1IT-CE0120$2VAN08 912 $fN 912 $aVAN0279568 950 $aBIBLIOTECA DEL DIPARTIMENTO DI MATEMATICA E FISICA$d08CONS e-Book 9449 $e08eMF9449 20240715 996 $aOptimization and Decision Science: Operations Research, Inclusion and Equity$93577244 997 $aUNICAMPANIA